| 000 | 00586nam a22002057a 4500 | ||
|---|---|---|---|
| 003 | OSt | ||
| 005 | 20140310182126.0 | ||
| 008 | 130828t xxu||||| |||| 00| 0 eng d | ||
| 050 |
_aE 169.12 _b.G646 1966 |
||
| 082 |
_aHS 917.30392 _b.N79 1970 |
||
| 100 |
_aNewman, Joseph _914395 |
||
| 245 |
_aGood things about the U.S. today. _cJoseph Newman, |
||
| 260 |
_aWashinton, D.C : _bU.S. News & world report Inc, _cc1966. |
||
| 300 |
_a247 p, : _bill, ; _c20 cm. |
||
| 500 | _aincludes index. | ||
| 541 | _j1 | ||
| 562 | _e1 | ||
| 650 |
_aUnited States _914396 |
||
| 942 |
_2lcc _cHS |
||
| 999 |
_c9624 _d9624 |
||